[Event "95th GER-ch"]
[Site "Ostfildern GER"]
[Date "2024.08.19"]
[Round "1.1"]
[White "Buhmann, Rainer"]
[Black "Deuer, Marius"]
[Result "1/2-1/2"]
[PlyCount "74"]
[WhiteElo "2562"]
[BlackElo "2452"]
[EventDate "2024.08.19"]

1.Nf3 Nf6 2.c4 e6 3.g3 d5 4.Bg2 dxc4 5.Qa4+ Nbd7 6.Qxc4 a6 7.Qc2 c5 8.Nc3 
Ra7 9.O-O b6 10.b3 Bb7 11.Bb2 Be7 12.d3 Qa8 13.e4 O-O 14.Qe2 Rd8 15.Rad1 
b5 16.Rfe1 h6 17.h3 Bc6 18.Kh2 a5 19.a4 b4 20.Nb1 c4 21.bxc4 Bxa4 22.e5 
Nh7 23.d4 Bxd1 24.Rxd1 Qc8 25.d5 Bc5 26.Nd4 Bxd4 27.Bxd4 Rc7 28.Nd2 Qa6 
29.d6 Rcc8 30.Qe3 a4 31.Ra1 Rb8 32.c5 Rdc8 33.Bf1 Qc6 34.Bg2 Qb5 35.Bf1 
Qc6 36.Bg2 Qb5 37.Bf1 Qc6 1/2-1/2

[Event "95th GER-ch"]
[Site "Ostfildern GER"]
[Date "2024.08.19"]
[Round "1.2"]
[White "Fridman, Daniel"]
[Black "Wagner, Dennis"]
[Result "1/2-1/2"]
[PlyCount "81"]
[WhiteElo "2591"]
[BlackElo "2613"]
[EventDate "2024.08.19"]

1.Nf3 d5 2.d4 Nf6 3.c4 e6 4.Nc3 Bb4 5.Qa4+ Nc6 6.e3 O-O 7.Bd2 dxc4 8.Bxc4 
a6 9.Qc2 Bd6 10.Ne4 Nb4 11.Nxf6+ Qxf6 12.Qe4 c5 13.dxc5 Bxc5 14.O-O Rd8 
15.Bxb4 Bxb4 16.Bxa6 Qxb2 17.Rab1 Qa3 18.Bxb7 Bxb7 19.Qxb7 Rdb8 20.Qe4 Be7
21.Rxb8+ Rxb8 22.Ne5 Qxa2 23.Nc6 Re8 24.Nxe7+ Rxe7 25.Qc6 g6 26.Rd1 Qb2 
27.Qc8+ Kg7 28.h3 h5 29.Qd8 Ra7 30.Qd4+ Qxd4 31.Rxd4 Ra1+ 32.Kh2 Ra2 33.
Kg3 Rb2 34.h4 Ra2 35.Kf3 Rb2 36.g3 Ra2 37.Rb4 Rc2 38.Rd4 Ra2 39.Rb4 Rc2 
40.Rd4 Ra2 41.Ke4 1/2-1/2

[Event "95th GER-ch"]
[Site "Ostfildern GER"]
[Date "2024.08.19"]
[Round "1.3"]
[White "Kollars, Dmitrij"]
[Black "Huschenbeth, Niclas"]
[Result "1/2-1/2"]
[PlyCount "83"]
[WhiteElo "2656"]
[BlackElo "2594"]
[EventDate "2024.08.19"]

1.d4 d5 2.Nf3 Nf6 3.Bf4 c5 4.e3 Nc6 5.Nbd2 cxd4 6.exd4 Bf5 7.Bb5 Qb6 8.c4 
dxc4 9.a4 Bd3 10.Ne5 e6 11.Ndxc4 Bb4+ 12.Bd2 Bxd2+ 13.Qxd2 Bxc4 14.Nxc4 
Qc7 15.Ne5 O-O 16.Bxc6 bxc6 17.O-O c5 18.Qc3 Rac8 19.Rfc1 c4 20.Qxc4 Qxc4 
21.Nxc4 Rb8 22.a5 Nd5 23.a6 g6 24.g3 Kg7 25.Nd6 Rxb2 26.Nc8 Nb4 27.Nxa7 
Nc2 28.Ra4 Rb4 29.Ra2 Nxd4 30.Nc6 Nxc6 31.Rxc6 Ra8 32.Rc7 g5 33.a7 h5 34.
Rd2 Kg6 35.Rdd7 f6 36.Rg7+ Kf5 37.h3 Ra4 38.Kg2 Rd8 39.Rc5+ Rd5 40.Rxd5+ 
exd5 41.Re7 g4 42.hxg4+ 1/2-1/2

[Event "95th GER-ch"]
[Site "Ostfildern GER"]
[Date "2024.08.19"]
[Round "1.4"]
[White "Vogel, Roven"]
[Black "Costa, Leonardo"]
[Result "1-0"]
[PlyCount "99"]
[WhiteElo "2546"]
[BlackElo "2481"]
[EventDate "2024.08.19"]

1.d4 Nf6 2.Bg5 d5 3.Nd2 c5 4.dxc5 e6 5.e4 h6 6.Bh4 Bxc5 7.e5 g5 8.Bg3 Nfd7
9.h4 Rg8 10.hxg5 hxg5 11.Qg4 Nc6 12.Ngf3 Qb6 13.O-O-O Bxf2 14.Bxf2 Qxf2 
15.Bb5 Qb6 16.Bxc6 bxc6 17.Rh7 Rb8 18.b3 Nf8 19.Rh6 Ba6 20.Rdh1 Qb4 21.Qh5
Rb7 22.Rh8 Rxh8 23.Qxh8 Qc3 24.Qg7 Bd3 25.Ne1 Bg6 26.Rh8 Qc5 27.Ndf3 Rb4 
28.Kb2 a5 29.Nxg5 Qd4+ 30.Kb1 Qd1+ 31.Kb2 Qd4+ 32.Kc1 Qe3+ 33.Kb1 Qxe1+ 
34.Kb2 Kd7 35.Qxf8 Qxe5+ 36.c3 Qxg5 37.cxb4 Qd2+ 38.Ka3 axb4+ 39.Qxb4 Qc1+
40.Ka4 e5 41.Qb8 Qf4+ 42.b4 Ke6 43.Qc8+ Kf6 44.Qxc6+ Kg5 45.Qxd5 Qe3 46.
Rh3 Bc2+ 47.Kb5 Qe2+ 48.Ka5 Bf5 49.Qd8+ Kf4 50.Qh4+ 1-0

[Event "95th GER-ch"]
[Site "Ostfildern GER"]
[Date "2024.08.19"]
[Round "1.5"]
[White "Svane, Rasmus"]
[Black "Kunin, Vitaly"]
[Result "1-0"]
[PlyCount "81"]
[WhiteElo "2633"]
[BlackElo "2523"]
[EventDate "2024.08.19"]

1.d4 d5 2.c4 dxc4 3.Nf3 Nf6 4.e3 e6 5.Bxc4 c5 6.O-O Nc6 7.a3 cxd4 8.exd4 
Be7 9.Nc3 O-O 10.Be3 b6 11.Rc1 Bb7 12.Ba2 Rc8 13.Qe2 Nb8 14.Rfd1 Ba6 15.
Qc2 Nd5 16.Bxd5 exd5 17.Qf5 Bb7 18.Re1 Qd7 19.Qxd7 Nxd7 20.Bf4 Bf6 21.Nb5 
a5 22.Nd6 Rxc1 23.Rxc1 Ba6 24.Rc7 Rd8 25.Nb7 Rb8 26.Nd6 Nf8 27.Be5 Be2 28.
Bxf6 gxf6 29.Nh4 Ne6 30.Rxf7 Nxd4 31.f3 Rd8 32.Rxf6 Kg7 33.Rf4 Ne6 34.Rf7+
Kg8 35.Nhf5 Bd3 36.Nh6+ Kh8 37.Re7 Rxd6 38.Nf7+ Kg7 39.Nxd6+ Kf6 40.Rb7 
Ke5 41.Rxb6 1-0

[Event "95th GER-ch"]
[Site "Ostfildern GER"]
[Date "2024.08.20"]
[Round "2.1"]
[White "Deuer, Marius"]
[Black "Kunin, Vitaly"]
[Result "1-0"]
[PlyCount "147"]
[WhiteElo "2452"]
[BlackElo "2523"]
[EventDate "2024.08.19"]

1.d4 Nf6 2.c4 e6 3.Nc3 Bb4 4.e3 b6 5.Ne2 Ne4 6.Bd2 Nxd2 7.Qxd2 Ba6 8.a3 
Be7 9.Nf4 c6 10.Bd3 d6 11.O-O e5 12.Nfe2 Nd7 13.b4 Nf6 14.Qc2 O-O 15.Rfd1 
Qc7 16.Rac1 Bb7 17.Ng3 g6 18.h3 Rac8 19.Be2 Rfe8 20.Bf3 Qb8 21.Qb3 Kg7 22.
dxe5 dxe5 23.c5 Red8 24.Qc4 Qa8 25.Nce4 Nxe4 26.Nxe4 Qb8 27.Qc3 f6 28.Be2 
Rxd1+ 29.Rxd1 Rd8 30.Rxd8 Qxd8 31.Bc4 h5 32.Ba2 Kh6 33.Qc4 f5 34.Nd6 Bxd6 
35.cxd6 Qxd6 36.Qf7 Ba6 37.h4 f4 38.exf4 exf4 39.Be6 Qb8 40.Qf6 Bd3 41.Bd7
Qg8 42.Qxf4+ Kh7 43.Bxc6 Qg7 44.Qb8 Kh6 45.Qd8 Bf5 46.Bd5 Qa1+ 47.Kh2 Qe5+
48.g3 Qd4 49.Qf8+ Kh7 50.Bg8+ Kh8 51.Bf7+ Kh7 52.Bg8+ Kh8 53.Bb3+ Kh7 54.
Qe7+ Kh8 55.Qe2 Be4 56.Qe3 Qxe3 57.fxe3 Kg7 58.g4 g5 59.hxg5 Kg6 60.Kg3 
Kxg5 61.gxh5 Kxh5 62.Kf4 Bd3 63.e4 Kg6 64.Ke5 a5 65.Bd5 axb4 66.axb4 Kg5 
67.Kd6 Kf4 68.e5 Ke3 69.e6 Kd4 70.e7 Bg6 71.b5 Kc3 72.Bc6 Kb4 73.e8=Q Bxe8
74.Bxe8 1-0

[Event "95th GER-ch"]
[Site "Ostfildern GER"]
[Date "2024.08.20"]
[Round "2.2"]
[White "Costa, Leonardo"]
[Black "Svane, Rasmus"]
[Result "1/2-1/2"]
[PlyCount "56"]
[WhiteElo "2481"]
[BlackElo "2633"]
[EventDate "2024.08.19"]

1.e4 e5 2.Nf3 Nc6 3.Bb5 Nf6 4.d3 Bc5 5.c3 O-O 6.O-O d5 7.exd5 Qxd5 8.Bc4 
Qd8 9.b4 Bd6 10.Nbd2 h6 11.Re1 a6 12.a4 Re8 13.Qc2 Bf5 14.Ne4 Nxe4 15.dxe4
Bg4 16.Nd2 Qd7 17.Nf1 Be6 18.Ne3 Bxc4 19.Nxc4 Qe6 20.Ne3 a5 21.b5 Nb8 22.
Qa2 Nd7 23.Qxe6 Rxe6 24.Rd1 Nc5 25.f3 Nb3 26.Rb1 Nc5 27.Ra1 Nb3 28.Rb1 Nc5
1/2-1/2

[Event "95th GER-ch"]
[Site "Ostfildern GER"]
[Date "2024.08.20"]
[Round "2.3"]
[White "Huschenbeth, Niclas"]
[Black "Vogel, Roven"]
[Result "1/2-1/2"]
[PlyCount "100"]
[WhiteElo "2594"]
[BlackElo "2546"]
[EventDate "2024.08.19"]

1.e4 c5 2.Nf3 Nc6 3.Bb5 e6 4.O-O Nge7 5.Re1 b6 6.c3 a6 7.Bf1 d5 8.exd5 
Nxd5 9.d4 cxd4 10.Nxd4 Bb7 11.Nxc6 Bxc6 12.c4 Nf6 13.Be3 Qc7 14.Nc3 Rd8 
15.Qc1 Bd6 16.h3 O-O 17.a3 Nh5 18.Qc2 Nf4 19.Ne4 Be5 20.g3 Ng6 21.Ng5 h6 
22.Nxe6 Nh4 23.Bg2 fxe6 24.gxh4 Bxg2 25.Kxg2 Qc6+ 26.Kg1 Rf5 27.Rad1 Rdf8 
28.Bd4 Bxd4 29.Rxd4 Rxf2 30.Qe4 Qc7 31.Qxe6+ Kh8 32.Qd6 Qf7 33.Rd2 Rxd2 
34.Qxd2 Qxc4 35.Qd6 Rf6 36.Qe5 Qxh4 37.Qe3 a5 38.Rf1 Qg5+ 39.Qxg5 Rxf1+ 
40.Kxf1 hxg5 41.a4 Kh7 42.Kf2 Kg6 43.Kf3 Kf5 44.Kg3 Ke5 45.Kg4 Kf6 46.Kf3 
Kf5 47.Kg3 Kg6 48.Kg4 Kh6 49.Kf3 Kh5 50.Kg3 Kg6 1/2-1/2

[Event "95th GER-ch"]
[Site "Ostfildern GER"]
[Date "2024.08.20"]
[Round "2.4"]
[White "Wagner, Dennis"]
[Black "Kollars, Dmitrij"]
[Result "1/2-1/2"]
[PlyCount "73"]
[WhiteElo "2613"]
[BlackElo "2656"]
[EventDate "2024.08.19"]

1.d4 Nf6 2.c4 e6 3.Nf3 Bb4+ 4.Bd2 Qe7 5.g3 Bxd2+ 6.Qxd2 Nc6 7.Nc3 d5 8.Bg2
dxc4 9.Ne5 Nxe5 10.dxe5 Nd7 11.Qd4 O-O 12.O-O-O a5 13.f4 Nb6 14.Rd2 Rb8 
15.Rhd1 Bd7 16.Kb1 Be8 17.Be4 h6 18.Ka1 Bc6 19.Bxc6 bxc6 20.e4 c5 21.Qe3 
Rfd8 22.a3 Rxd2 23.Rxd2 Nc8 24.Qe2 Nb6 25.Qe3 Nc8 26.Ka2 Nb6 27.h4 Kh7 28.
h5 Rc8 29.Qf2 Rf8 30.Qe3 Rc8 31.Qg1 Rf8 32.Qf2 Kg8 33.Qe3 Kh7 34.Rd1 Rb8 
35.Rd2 Rf8 36.Rd1 Rb8 37.Rd2 1/2-1/2

[Event "95th GER-ch"]
[Site "Ostfildern GER"]
[Date "2024.08.20"]
[Round "2.5"]
[White "Buhmann, Rainer"]
[Black "Fridman, Daniel"]
[Result "1/2-1/2"]
[PlyCount "72"]
[WhiteElo "2562"]
[BlackElo "2591"]
[EventDate "2024.08.19"]

1.Nf3 d5 2.g3 Nf6 3.Bg2 c5 4.O-O Nc6 5.d4 e6 6.c4 dxc4 7.dxc5 Qxd1 8.Rxd1 
Bxc5 9.Nbd2 c3 10.bxc3 O-O 11.Nb3 Be7 12.c4 Bd7 13.Be3 b6 14.a4 Bb4 15.Ne1
Rac8 16.Nd3 Na5 17.Nxa5 Bxa5 18.c5 Bc6 19.cxb6 Bxg2 20.Kxg2 axb6 21.Bd4 
Nd5 22.Nf4 Nxf4+ 23.gxf4 Rc4 24.e3 Rfc8 25.Ra2 f6 26.Rb1 R8c6 27.Rb5 Kf7 
28.Kf3 Rc1 29.Rab2 R1c4 30.Bxb6 Bxb6 31.Rxb6 Rxb6 32.Rxb6 Rxa4 33.Rb7+ Kf8
34.Rb8+ Kf7 35.Rb7+ Kf8 36.Rb8+ Kf7 1/2-1/2

[Event "95th GER-ch"]
[Site "Ostfildern GER"]
[Date "2024.08.21"]
[Round "3.1"]
[White "Fridman, Daniel"]
[Black "Deuer, Marius"]
[Result "1/2-1/2"]
[PlyCount "81"]
[WhiteElo "2591"]
[BlackElo "2452"]
[EventDate "2024.08.19"]

1.Nf3 Nf6 2.c4 c5 3.Nc3 Nc6 4.g3 d5 5.d4 cxd4 6.Nxd4 dxc4 7.Nxc6 Qxd1+ 8.
Nxd1 bxc6 9.Bg2 Nd5 10.Ne3 e6 11.Nxc4 Ba6 12.Na5 Rc8 13.Bd2 Be7 14.Rc1 c5 
15.b3 O-O 16.O-O Rfd8 17.Bf3 Kf8 18.Rfd1 Bf6 19.Be1 Bb2 20.Rc2 Ba3 21.e3 
Ne7 22.Rxd8+ Rxd8 23.Nc4 Bb4 24.Bc3 Bxc3 25.Rxc3 Nd5 26.Rc1 Nb4 27.Ne5 f6 
28.Nc6 Rd2 29.Rxc5 Rxa2 30.Be4 Nxc6 31.Bxc6 Bd3 32.Rc3 Rc2 33.Rxd3 Rxc6 
34.Rd7 Rb6 35.Rxa7 Rxb3 36.h4 h6 37.Kg2 Kg8 38.Re7 Rb6 39.Kf3 Kf8 40.Ra7 
Rb2 41.Ke4 1/2-1/2

[Event "95th GER-ch"]
[Site "Ostfildern GER"]
[Date "2024.08.21"]
[Round "3.2"]
[White "Kollars, Dmitrij"]
[Black "Buhmann, Rainer"]
[Result "1-0"]
[PlyCount "109"]
[WhiteElo "2656"]
[BlackElo "2562"]
[EventDate "2024.08.19"]

1.e4 e6 2.d4 d5 3.Nc3 Nf6 4.e5 Nfd7 5.f4 c5 6.Nf3 Nc6 7.Be3 a6 8.a3 cxd4 
9.Nxd4 Bc5 10.Qd2 Bxd4 11.Bxd4 Nxd4 12.Qxd4 Qb6 13.Ne2 g5 14.g3 Rg8 15.
Qxb6 Nxb6 16.Kf2 Ke7 17.Nd4 Na4 18.b3 Nc5 19.Ke3 Bd7 20.b4 Ne4 21.c4 gxf4+
22.gxf4 f6 23.Bd3 fxe5 24.fxe5 Rg5 25.Rhg1 Rag8 26.Nf3 R5g6 27.Rxg6 hxg6 
28.Bxe4 dxe4 29.Ng5 Rh8 30.h3 Bc6 31.Rd1 Rh5 32.Rg1 b6 33.Rg4 Rh8 34.Rf4 
Rd8 35.Rf7+ Ke8 36.Rf6 Rd3+ 37.Ke2 Bd7 38.Rxg6 Rxa3 39.h4 Ra2+ 40.Ke3 Rh2 
41.Rh6 a5 42.Nxe4 Kd8 43.c5 Rh3+ 44.Kd2 Rh2+ 45.Ke3 Rh3+ 46.Kd4 Rb3 47.
Rh8+ Ke7 48.bxa5 bxa5 49.Nf6 Rb4+ 50.Ke3 Bc6 51.h5 a4 52.h6 a3 53.Rh7+ Kf8
54.Ra7 Ra4 55.h7 1-0

[Event "95th GER-ch"]
[Site "Ostfildern GER"]
[Date "2024.08.21"]
[Round "3.3"]
[White "Vogel, Roven"]
[Black "Wagner, Dennis"]
[Result "1/2-1/2"]
[PlyCount "23"]
[WhiteElo "2546"]
[BlackElo "2613"]
[EventDate "2024.08.19"]

1.Nf3 d5 2.g3 c5 3.Bg2 Nf6 4.O-O g6 5.d4 cxd4 6.Nxd4 Bg7 7.c4 O-O 8.cxd5 
Nxd5 9.Nb5 Be6 10.Nd4 Bc8 11.Nb5 Be6 12.Nd4 1/2-1/2

[Event "95th GER-ch"]
[Site "Ostfildern GER"]
[Date "2024.08.21"]
[Round "3.4"]
[White "Svane, Rasmus"]
[Black "Huschenbeth, Niclas"]
[Result "0-1"]
[PlyCount "94"]
[WhiteElo "2633"]
[BlackElo "2594"]
[EventDate "2024.08.19"]

1.d4 d5 2.c4 dxc4 3.Nf3 Nf6 4.e3 e6 5.Bxc4 c5 6.O-O a6 7.b3 cxd4 8.Nxd4 
Be7 9.Bb2 O-O 10.Nd2 b5 11.Be2 Bb7 12.Bf3 Nd5 13.Rc1 Qb6 14.Bxd5 Bxd5 15.
Qg4 g6 16.e4 Bb7 17.Qf4 Nd7 18.Qc7 Rfd8 19.Nc6 Bxc6 20.Rxc6 Qxc7 21.Rxc7 
Rac8 22.Rxc8 Rxc8 23.Rc1 Rxc1+ 24.Bxc1 Nc5 25.Bb2 Nd3 26.Bd4 Nc1 27.Kf1 
Nxa2 28.Ke2 Kf8 29.Bb2 Nb4 30.f4 f5 31.g3 Ke8 32.h3 Kd7 33.g4 Bd6 34.e5 
Be7 35.Nf3 Nd5 36.Bc1 Nc3+ 37.Kd3 Ne4 38.g5 Kc6 39.Nd4+ Kd5 40.Be3 Bc5 41.
Nc2 a5 42.h4 b4 43.Ke2 Bxe3 44.Kxe3 Nc5 45.Nd4 a4 46.bxa4 Nxa4 47.Nb5 Nc5 
0-1

[Event "95th GER-ch"]
[Site "Ostfildern GER"]
[Date "2024.08.21"]
[Round "3.5"]
[White "Kunin, Vitaly"]
[Black "Costa, Leonardo"]
[Result "1-0"]
[PlyCount "67"]
[WhiteElo "2523"]
[BlackElo "2481"]
[EventDate "2024.08.19"]

1.d4 d5 2.Nf3 Nf6 3.c4 e6 4.Nc3 dxc4 5.e4 Bb4 6.Bg5 b5 7.a4 c5 8.axb5 cxd4
9.Nxd4 h6 10.Be3 Nxe4 11.Qa4 Nxc3 12.Qxb4 Nd5 13.Qa3 Nxe3 14.fxe3 Bb7 15.
Be2 Qh4+ 16.g3 Qe7 17.O-O a6 18.Bxc4 Qxa3 19.Rxa3 Ke7 20.Rfa1 Rc8 21.Bf1 
a5 22.b4 a4 23.Rxa4 Rxa4 24.Rxa4 Kd6 25.Ra7 Bd5 26.Rxf7 Rc1 27.b6 Nd7 28.
Nb5+ Kc6 29.b7 Bc4 30.Rxd7 Rxf1+ 31.Kg2 Rf8 32.Rc7+ Kxb5 33.Rc8 Bd5+ 34.
Kg1 1-0

[Event "95th GER-ch"]
[Site "Ostfildern GER"]
[Date "2024.08.22"]
[Round "4.1"]
[White "Deuer, Marius"]
[Black "Costa, Leonardo"]
[Result "0-1"]
[PlyCount "76"]
[WhiteElo "2452"]
[BlackElo "2481"]
[EventDate "2024.08.19"]

1.d4 Nf6 2.c4 e6 3.Nc3 Bb4 4.e3 O-O 5.Bd3 d5 6.cxd5 exd5 7.a3 Bd6 8.Qc2 a6
9.Nge2 Nbd7 10.b4 Re8 11.O-O b6 12.Nf4 Bb7 13.Rb1 Rb8 14.b5 axb5 15.Nxb5 
Bxf4 16.exf4 Ba6 17.f5 c5 18.Bf4 Bxb5 19.Bxb5 Ra8 20.dxc5 bxc5 21.Bg5 Re5 
22.a4 c4 23.Rfd1 h6 24.Be3 Qe7 25.Bc6 Rc8 26.Bb5 Nc5 27.Rd4 Ra8 28.Bc6 Rc8
29.Bb5 Rb8 30.h3 Nxa4 31.Kh1 Rxe3 32.fxe3 Qxe3 33.Rxc4 dxc4 34.Bxa4 Rxb1+ 
35.Qxb1 c3 36.Qb8+ Kh7 37.Qc7 Qe4 38.Qa5 c2 0-1

[Event "95th GER-ch"]
[Site "Ostfildern GER"]
[Date "2024.08.22"]
[Round "4.2"]
[White "Huschenbeth, Niclas"]
[Black "Kunin, Vitaly"]
[Result "0-1"]
[PlyCount "148"]
[WhiteElo "2594"]
[BlackElo "2523"]
[EventDate "2024.08.19"]

1.d4 Nf6 2.Nf3 e6 3.Bf4 b6 4.e3 Bb7 5.Bd3 Nh5 6.Bg5 Be7 7.Bxe7 Qxe7 8.Nbd2
d6 9.g4 Nf6 10.g5 Nh5 11.c3 Nd7 12.Qa4 a6 13.O-O-O b5 14.Qc2 g6 15.Be2 c5 
16.Nb3 Rc8 17.dxc5 Nxc5 18.Nxc5 Rxc5 19.Rhg1 O-O 20.h4 Rfc8 21.Nd2 b4 22.
c4 d5 23.Kb1 dxc4 24.Nxc4 Bd5 25.b3 a5 26.Qd2 Qc7 27.Rc1 a4 28.Qxb4 axb3 
29.axb3 Rb8 30.Qc3 Qh2 31.Rcf1 Bg2 32.Rxg2 Qxg2 33.Bd3 Qh2 34.Kb2 Qxh4 35.
f4 Ng3 36.Qe1 Qh3 37.Rf3 Qg2+ 38.Qf2 Qxf2+ 39.Rxf2 Nf5 40.Rf1 Rcb5 41.Bc2 
Rc5 42.Bd3 Ne7 43.e4 Nc6 44.Kc3 e5 45.f5 Nd4 46.b4 Rc7 47.Rb1 gxf5 48.exf5
Nb5+ 49.Kd2 e4 50.Bf1 Nd4 51.f6 Nf3+ 52.Ke3 Rcb7 53.Nd6 Rxb4 54.Rxb4 Rxb4 
55.Nxe4 Rxe4+ 56.Kxf3 Rd4 57.Bh3 h6 58.gxh6 Kh7 59.Ke3 Rd6 60.Kf4 Rxf6+ 
61.Bf5+ Kxh6 62.Kg4 Kg7 63.Kg5 Ra6 64.Bc2 Ra5+ 65.Kf4 Kf6 66.Bb3 Rb5 67.
Ba2 Rb4+ 68.Kf3 Ra4 69.Bd5 Ke5 70.Bc6 Ra3+ 71.Kf2 Kf4 72.Bd5 f5 73.Be6 Rc3
74.Bd7 Rc2+ 0-1

[Event "95th GER-ch"]
[Site "Ostfildern GER"]
[Date "2024.08.22"]
[Round "4.3"]
[White "Wagner, Dennis"]
[Black "Svane, Rasmus"]
[Result "1/2-1/2"]
[PlyCount "105"]
[WhiteElo "2613"]
[BlackElo "2633"]
[EventDate "2024.08.19"]

1.d4 d5 2.c4 dxc4 3.Nf3 Nf6 4.e3 e6 5.Bxc4 c5 6.O-O a6 7.dxc5 Bxc5 8.Qxd8+
Kxd8 9.Be2 Ke7 10.Nfd2 Bd7 11.Nc3 Bc6 12.Nb3 Bb6 13.Rd1 Rd8 14.Rxd8 Kxd8 
15.a4 Nbd7 16.a5 Ba7 17.Nd4 Bxd4 18.exd4 Rc8 19.f3 h6 20.h4 Ke7 21.Kf2 Nd5
22.Bd2 N7f6 23.g4 h5 24.g5 Ne8 25.Rc1 Nd6 26.Nxd5+ Bxd5 27.Rxc8 Nxc8 28.
Bb4+ Ke8 29.Ke3 Na7 30.Bc5 Nc6 31.b4 g6 32.Kd2 Kd7 33.Kc3 Kc7 34.Kb2 Kd7 
35.f4 Kc7 36.Ka3 Be4 37.Bf1 Kc8 38.Kb3 Kc7 39.Be2 Bd5+ 40.Ka4 Be4 41.Bd1 
Bd3 42.Bb3 Be4 43.b5 axb5+ 44.Kxb5 Bd3+ 45.Ka4 Be4 46.Bc4 Bc2+ 47.Kb5 Be4 
48.Bb6+ Kd6 49.Bc5+ Kc7 50.Bf1 Bd5 51.Bd3 Bf3 52.Bf1 Bd5 53.Bd3 1/2-1/2

[Event "95th GER-ch"]
[Site "Ostfildern GER"]
[Date "2024.08.22"]
[Round "4.4"]
[White "Buhmann, Rainer"]
[Black "Vogel, Roven"]
[Result "1-0"]
[PlyCount "109"]
[WhiteElo "2562"]
[BlackElo "2546"]
[EventDate "2024.08.19"]

1.Nf3 d5 2.g3 g6 3.Bg2 Bg7 4.d4 Nf6 5.O-O O-O 6.c4 c6 7.a4 a5 8.cxd5 cxd5 
9.Qb3 Nc6 10.Bf4 Nh5 11.Bd2 e6 12.Nc3 Nxd4 13.Nxd4 Bxd4 14.e4 dxe4 15.Nxe4
e5 16.Bg5 Be6 17.Qxb7 Rb8 18.Bxd8 Rxb7 19.Bxa5 Rxb2 20.Bc3 Bxc3 21.Nxc3 
Rc8 22.Rfc1 f5 23.a5 e4 24.a6 Nf6 25.a7 Ra8 26.Ra6 Kf7 27.Na4 Rb7 28.Rxe6 
Rbxa7 29.Rb6 Ng4 30.Nc3 Rc7 31.Rbb1 Rd8 32.Rd1 Rxd1+ 33.Nxd1 Ra7 34.Bf1 
Ne5 35.Be2 h5 36.Ne3 Nd7 37.h4 Nf6 38.Bc4+ Kg7 39.Be2 Rc7 40.Kf1 Ra7 41.
Ng2 Rd7 42.Nf4 Ra7 43.Rb6 Rd7 44.Ne6+ Kh6 45.Rb8 Re7 46.Rh8+ Rh7 47.Rf8 
Nd7 48.Rd8 Nf6 49.Bc4 Ra7 50.Rf8 Ng4 51.Be2 Ne5 52.Rh8+ Rh7 53.Re8 Nf7 54.
Nf4 Kg7 55.Bc4 1-0

[Event "95th GER-ch"]
[Site "Ostfildern GER"]
[Date "2024.08.22"]
[Round "4.5"]
[White "Fridman, Daniel"]
[Black "Kollars, Dmitrij"]
[Result "1/2-1/2"]
[PlyCount "53"]
[WhiteElo "2591"]
[BlackElo "2656"]
[EventDate "2024.08.19"]

1.Nf3 d5 2.g3 Nf6 3.Bg2 e6 4.O-O Be7 5.d4 O-O 6.c4 dxc4 7.Qa4 a6 8.Qxc4 b5
9.Qc2 Bb7 10.Bg5 Nbd7 11.Bxf6 Nxf6 12.Nbd2 Rc8 13.Nb3 c5 14.dxc5 Rc7 15.
Ne1 Bxg2 16.Nxg2 Nd7 17.Rfd1 Bxc5 18.Nxc5 Rxc5 19.Qd3 Rd5 20.Qa3 Nf6 21.
Ne3 Rxd1+ 22.Rxd1 Qc8 23.Rd6 Ne4 24.Rd4 Nf6 25.Rd6 Ne4 26.Rd4 Nf6 27.Rd6 
1/2-1/2

[Event "95th GER-ch"]
[Site "Ostfildern GER"]
[Date "2024.08.23"]
[Round "5.1"]
[White "Kollars, Dmitrij"]
[Black "Deuer, Marius"]
[Result "1/2-1/2"]
[PlyCount "139"]
[WhiteElo "2656"]
[BlackElo "2452"]
[EventDate "2024.08.19"]

1.e4 c6 2.d4 d5 3.e5 Bf5 4.h4 h5 5.c4 e6 6.Nc3 Ne7 7.Nf3 Bg4 8.Bg5 Qb6 9.
Qd2 Nd7 10.cxd5 Nxd5 11.Be2 f6 12.exf6 gxf6 13.Be3 Nxe3 14.fxe3 O-O-O 15.
O-O-O Bh6 16.Kb1 Rhg8 17.Ka1 Kb8 18.Nh2 f5 19.Nxg4 hxg4 20.Bc4 Rge8 21.
Rhe1 Qb4 22.Bb3 Nb6 23.Qf2 Bg7 24.Qc2 c5 25.a3 Qa5 26.Ne2 Rc8 27.Qd2 Qb5 
28.Ka2 Rcd8 29.Nc3 Qd7 30.Qe2 cxd4 31.exd4 Bxd4 32.Nb5 e5 33.Qf1 a5 34.
Rxd4 exd4 35.Qf4+ Ka8 36.Nc7+ Ka7 37.Nxe8 a4 38.Be6 Qxe8 39.Re5 Na8 40.
Ra5+ Kb6 41.Qxf5 Qc6 42.Bd5 Qd7 43.Be6 Qc6 44.Bd5 Qd7 45.Qg5 Nc7 46.Bc4 
Qc6 47.Rb5+ Nxb5 48.Qxd8+ Kc5 49.Bd3 Qe6+ 50.Ka1 Qe1+ 51.Bb1 Nd6 52.Qg5+ 
Kc4 53.Qxg4 b5 54.Qg6 Kc5 55.h5 Nc4 56.Qg5+ Kb6 57.Qf4 Nd2 58.Qxd4+ Ka6 
59.Qd6+ Ka7 60.Qc7+ Ka6 61.Qc6+ Ka7 62.Qc7+ Ka6 63.Qd6+ Ka5 64.Qd8+ Ka6 
65.Qf6+ Ka5 66.b4+ axb3 67.Qd8+ Ka6 68.Qd6+ Ka5 69.Qc7+ Ka6 70.Qd6+ 
1/2-1/2

[Event "95th GER-ch"]
[Site "Ostfildern GER"]
[Date "2024.08.23"]
[Round "5.2"]
[White "Vogel, Roven"]
[Black "Fridman, Daniel"]
[Result "1-0"]
[PlyCount "119"]
[WhiteElo "2546"]
[BlackElo "2591"]
[EventDate "2024.08.19"]

1.c4 e6 2.Nc3 d5 3.d4 Be7 4.cxd5 exd5 5.Bf4 c6 6.e3 Bd6 7.Qf3 Nf6 8.Bd3 
O-O 9.h3 Bxf4 10.Qxf4 Qb6 11.Rb1 c5 12.dxc5 Qxc5 13.Nf3 Nc6 14.O-O Qb4 15.
Qxb4 Nxb4 16.Bb5 Be6 17.a3 Nc6 18.Bxc6 bxc6 19.Na4 Ne4 20.Rbc1 Rfc8 21.b4 
Nd6 22.Ne5 Nb5 23.Nxc6 Kf8 24.Nd4 Nxa3 25.Nc5 Re8 26.Ra1 Nc4 27.Ra2 a5 28.
Rfa1 Rac8 29.Ncxe6+ fxe6 30.bxa5 e5 31.Nf3 Re7 32.a6 Ra7 33.Rc2 Rc6 34.e4 
Rcxa6 35.Rxa6 Rxa6 36.exd5 Ra4 37.Ng5 Ke7 38.Rc1 h6 39.Ne6 g5 40.Ng7 Kd6 
41.Rd1 Kc5 42.Nf5 Ra6 43.d6 Nxd6 44.Nxh6 e4 45.Ng4 Ra5 46.Ne3 Rb5 47.Kh2 
Kc6 48.Kg3 Nf5+ 49.Nxf5 Rxf5 50.Rd4 Re5 51.Kg4 Kc7 52.Rd2 Kc6 53.Rd8 Re7 
54.Rf8 Kd5 55.Rf5+ Kd4 56.Rxg5 Kd3 57.h4 Ke2 58.Rf5 Rg7+ 59.Kh3 Kf1 60.g4 
1-0

[Event "95th GER-ch"]
[Site "Ostfildern GER"]
[Date "2024.08.23"]
[Round "5.3"]
[White "Svane, Rasmus"]
[Black "Buhmann, Rainer"]
[Result "1-0"]
[PlyCount "81"]
[WhiteElo "2633"]
[BlackElo "2562"]
[EventDate "2024.08.19"]

1.d4 Nf6 2.c4 e6 3.Nf3 d5 4.Nc3 c6 5.e3 Nbd7 6.Qc2 Bd6 7.b3 O-O 8.Be2 e5 
9.cxd5 Nxd5 10.Nxd5 cxd5 11.dxe5 Nxe5 12.Bb2 Bb4+ 13.Kf1 Nxf3 14.Bxf3 Be6 
15.g3 Qd7 16.Qd3 Be7 17.h4 Rfd8 18.Rd1 Rac8 19.Kg2 Bg4 20.Rd2 Bxf3+ 21.
Kxf3 h5 22.Kg2 Qe6 23.Rhd1 a6 24.Qe2 Qe4+ 25.Qf3 Qxf3+ 26.Kxf3 Bb4 27.Rxd5
Rxd5 28.Rxd5 Rc2 29.Bd4 Rxa2 30.Rxh5 f6 31.Rd5 Be1 32.e4 Rd2 33.g4 b5 34.
g5 fxg5 35.hxg5 Kf7 36.b4 g6 37.Rd6 Ke8 38.e5 Ke7 39.Ke3 Rxf2 40.Bc5 Ke8 
41.Rd1 1-0

[Event "95th GER-ch"]
[Site "Ostfildern GER"]
[Date "2024.08.23"]
[Round "5.4"]
[White "Kunin, Vitaly"]
[Black "Wagner, Dennis"]
[Result "0-1"]
[PlyCount "102"]
[WhiteElo "2523"]
[BlackElo "2613"]
[EventDate "2024.08.19"]

1.d4 Nf6 2.c4 e6 3.Bf4 Bb4+ 4.Nd2 c5 5.dxc5 Bxc5 6.e3 Nc6 7.a3 O-O 8.Ngf3 
Be7 9.h3 d6 10.Be2 e5 11.Bh2 e4 12.Ng5 Qa5 13.h4 h6 14.b4 Qf5 15.g4 Nxg4 
16.Ngxe4 Nxh2 17.Rxh2 d5 18.cxd5 Qxd5 19.Bc4 Qf5 20.Ng3 Qe5 21.Rc1 a5 22.
b5 Nd8 23.Qb3 a4 24.Qa2 Bg4 25.Ngf1 Ne6 26.Rg2 h5 27.Nh2 Nf4 28.Rg3 Rac8 
29.Nxg4 hxg4 30.Bxf7+ Kh8 31.Nc4 Nd3+ 32.Kf1 Qxg3 33.fxg3 Rxf7+ 34.Kg2 
Nxc1 35.Qc2 Bxa3 36.Qg6 Rcf8 37.Qxg4 Bb2 38.Nxb2 a3 39.Nd1 a2 40.Qa4 Rc8 
41.Nf2 Rff8 42.Nh3 Ra8 43.Qe4 a1=Q 44.Ng5 g6 45.Qxg6 Qg7 46.Qh5+ Kg8 47.
Ne6 Qf7 48.Qg5+ Kh7 49.Nf4 Nd3 50.Kf3 Nxf4 51.gxf4 Rad8 0-1

[Event "95th GER-ch"]
[Site "Ostfildern GER"]
[Date "2024.08.23"]
[Round "5.5"]
[White "Costa, Leonardo"]
[Black "Huschenbeth, Niclas"]
[Result "0-1"]
[PlyCount "38"]
[WhiteElo "2481"]
[BlackElo "2594"]
[EventDate "2024.08.19"]

1.e4 c5 2.Nf3 d6 3.d4 cxd4 4.Nxd4 Nf6 5.Nc3 Nc6 6.Bg5 e6 7.Qd2 a6 8.O-O-O 
Bd7 9.Kb1 Nxd4 10.Qxd4 Be7 11.f3 Qc7 12.Qd2 h6 13.Be3 h5 14.Bf4 e5 15.Bg5 
O-O-O 16.Bxf6 Bxf6 17.Nd5 Qc5 18.Nxf6 gxf6 19.Qxd6 Bc6 0-1

[Event "95th GER-ch"]
[Site "Ostfildern GER"]
[Date "2024.08.24"]
[Round "6.1"]
[White "Deuer, Marius"]
[Black "Huschenbeth, Niclas"]
[Result "1/2-1/2"]
[PlyCount "43"]
[WhiteElo "2452"]
[BlackElo "2594"]
[EventDate "2024.08.19"]

1.d4 Nf6 2.c4 e6 3.Nc3 Bb4 4.e3 O-O 5.Ne2 Re8 6.a3 Bf8 7.Ng3 d5 8.Be2 b6 
9.O-O Bb7 10.cxd5 exd5 11.b4 Nbd7 12.Qb3 c6 13.Bf3 a5 14.Rb1 g6 15.e4 axb4
16.axb4 c5 17.bxc5 bxc5 18.Qxb7 Rb8 19.Qa7 Ra8 20.Qb7 Rb8 21.Qa7 Ra8 22.
Qb7 1/2-1/2

[Event "95th GER-ch"]
[Site "Ostfildern GER"]
[Date "2024.08.24"]
[Round "6.2"]
[White "Wagner, Dennis"]
[Black "Costa, Leonardo"]
[Result "1/2-1/2"]
[PlyCount "90"]
[WhiteElo "2613"]
[BlackElo "2481"]
[EventDate "2024.08.19"]

1.d4 Nf6 2.c4 e6 3.Nf3 d5 4.Nc3 c6 5.e3 Nbd7 6.Qc2 b6 7.b3 Bb7 8.Bd3 Rc8 
9.O-O Bb4 10.Bb2 c5 11.Qe2 cxd4 12.exd4 O-O 13.a3 Bd6 14.Rad1 Re8 15.Ne5 
Nf8 16.Qe3 Ng6 17.Nb5 Bb8 18.Be2 Qe7 19.a4 a6 20.Ba3 Qd8 21.Nc3 Nh4 22.Qh3
Nf5 23.cxd5 Nxd4 24.Nc6 Bxc6 25.dxc6 Nxe2+ 26.Nxe2 Nd5 27.Rc1 b5 28.axb5 
Qa5 29.Bc5 axb5 30.Nd4 Be5 31.Qd3 Red8 32.Qxb5 Qxb5 33.Nxb5 Rxc6 34.b4 Ra6
35.Rfd1 Rb8 36.Nd4 Bxd4 37.Rxd4 f6 38.h4 h5 39.g3 Rb5 40.Kg2 Kf7 41.Rc2 
Kg6 42.Re2 Ra4 43.Rd3 Nxb4 44.Bxb4 Raxb4 45.Rxe6 Rb2 1/2-1/2